Stredoškolská matematika v príkladoch : pre gymnáziá, stredné priemyselné školy, obchodné akadémie, stredné odborné učilištia

Enregistré dans:
Détails bibliographiques
Auteur principal: Kováčik, Ján (Auteur)
Format: Livre
Langue:slovaque
Publié: Bratislava : Iura Edition, 2005
Édition:1. vyd.
Sujets:
Tags: Ajouter un tag
Pas de tags, Soyez le premier à ajouter un tag!

MARC

LEADER 00000nam a22000003a 4500
001 stu164842
005 20150617230005.7
008 080605s2005----xo------------------slo-d
020 |a 80-8078-046-3 
040 |a STU  |b slo 
041 0 |a slo 
044 |a xo 
080 |a 51-3 
100 1 |a Kováčik, Ján  |4 aut 
245 1 |a Stredoškolská matematika v príkladoch :  |b pre gymnáziá, stredné priemyselné školy, obchodné akadémie, stredné odborné učilištia 
250 |a 1. vyd. 
260 |a Bratislava :  |b Iura Edition,  |c 2005 
300 |a [846 s 
650 7 |a Matematika stredoškolská  |2 stusub 
996 |b 284J033899  |c J*109699  |l JJST  |s P  |a 0  |w stu164842_0001